Country Shapes to Continent Click Quiz - Statistics

General Stats
  • This quiz has been taken 158 times
  • The average score is 16 of 18
Answer Stats
Hint Answer % Correct
Africa
91%
Africa
91%
Europe
91%
Europe
91%
North America
91%
Oceania
91%
Asia
90%
Europe
90%
Asia
88%
North America
87%
Oceania
87%
Asia
86%
Africa
85%
South America
84%
South America
84%
North America
81%
Oceania
81%
South America
69%
No matching quizzes found
Score Distribution
Percent of People with Each Score
Percentile by Number Answered
Your Score History
You have not taken this quiz